000 01387cab a2200241 4500
001 ABS67796
008 040603n2004 000 0 eng u
035 _a(Sirsi) u126398
100 _aSellahewa, T.
245 4 _aThe asbestos challenge
260 _c2004
490 _aBuilding
_v269(8232) 14 May 2004, 54-55(2)
520 _aDiscusses the Control of Asbestos at Work Regulations 2002 Reg 4 which came into force on 21 May 2004. It updates the existing regulations by introducing a duty on all property owners, landlords, tenants, surveyors and managing agents to manage and control asbestos in business properties. Points out the duties under Reg 4, which include establishing whether the property contains asbestos and keeping a record of the location, quantity and condition of asbestos that has been found. The new regulations are likely to be vigorously enforced by HSE inspectors who will carry out regular visits and conduct checks on the management plans.
590 _aABS
650 _aCONTROL OF ASBESTOS AT WORK REGULATIONS 2002
650 _aCONTROL OF ASBESTOS AT WORK REGULATIONS 2002 REG 4
650 _aMANAGEMENT-HEALTH AND SAFETY-HAZARDOUS SUBSTANCES-ASBESTOS
650 _aBUILT ENVIRONMENT-BUILDING MATERIALS
650 _aMANAGEMENT PLANS
650 _aFACILITIES MANAGEMENT
_96240
690 _aBUILT ENVIRONMENT-BUILDING MATERIALS
942 _n0
999 _c74420
_d74420